000 00211nam a2200097Ia 4500
008 190216s9999||||xx |||||||||||||| ||und||
100 _aKovoor.E.M
245 0 _aPani Puranam Vol Ii
260 _bNull
942 _cBK
999 _c24052
_d24052